| 000 | 00635nam a2200205 a 4500 | ||
|---|---|---|---|
| 005 | 20140310183240.0 | ||
| 008 | 041021s19uu xx 00 eng d | ||
| 020 | _a9712200086 | ||
| 050 |
_aZ 286 _b.M758 1991 |
||
| 100 | _aMontagnes, Ian | ||
| 245 |
_aEditing and publication : _ba handbook for trainers. / _cIan Montagnes |
||
| 260 |
_aManila Philippines ; _bInternational Rice Research Institute, _c1991. |
||
| 300 |
_a107 p. : _c28 cm. |
||
| 521 | _aMC | ||
| 650 |
_aJournalism, Agricultural _xPhilippines. |
||
| 650 |
_aJournalism _xEditing. |
||
| 650 |
_aJournalism _xPublication. |
||
| 942 |
_cBK _2lcc _kLOC |
||
| 999 |
_c20590 _d20590 |
||